000 00987nam a2200229Ia 4500
001 L235-8724
003 IT-CnALBA
008 170116s9999||||xx |||||||||||||| ||und||
040 _aIT-CnALBA
_cIT-CnALBA
041 _aITALIANO
100 _aCURATO DI SAN SULPIZIO DI PARIGI
245 0 _aVITA DI S. FRANCESCO DI SALES VESCOVO E PRINCIPE DI GINEVRA. VOL. I.
250 _a7a ed.
260 _a TORINO - ROMA
_bMARIETTI EDITORE
_c1918 [1° Ed.:1918]
300 _a315 p. (prefazione: 17)
500 _aINFANZIA. PRIMI STUDI. A PARIGI. A PADOVA. RITORNO IN SAVOJA. SACERDOZIO. MINISTERO. FELICI SUCCESSI. MISSIONI E CONVERSIONI.
501 _aSocietà San Paolo EM - Piazza San Paolo, 14 - 12051 ALBA (CN) (non commercial uses only) ® Copyright 2017
520 _aINFANZIA. PRIMI STUDI. A PARIGI. A PADOVA. RITORNO IN SAVOJA. SACERDOZIO. MINISTERO. FELICI SUCCESSI. MISSIONI E CONVERSIONI.
650 _aMARIA SS. ANGELI SANTI DEMONI
942 _cBK
957 _71
999 _a9700
_bSI
_g Copie: 1
_c267901
_d267901